| 000 | 00663cab a2200229 4500 | ||
|---|---|---|---|
| 001 | ABS54653 | ||
| 008 | 090401t1996 xxu||||| |||| 00| 0 eng d | ||
| 035 | _a(Sirsi) u11535 | ||
| 041 | _aeng | ||
| 245 | _aCost update | ||
| 260 | _c1996 | ||
| 350 | _a0 | ||
| 490 |
_aProcurement _vMarch 1996, 21-23(3) |
||
| 520 | _aLatest quarterly analysis of unit rates, material prices and labour costs compiled by QS Davis Langdon & Everest. | ||
| 650 | _aBUILT ENVIRONMENT-BUILDING COSTS | ||
| 650 | _aLABOUR COSTS | ||
| 650 | _aMATERIAL PRICES | ||
| 650 | _aSPONS PRICE BOOKS | ||
| 690 | _aBUILT ENVIRONMENT-BUILDING COSTS | ||
| 942 | _n0 | ||
| 948 | _c04/03/1997 | ||
| 999 |
_c7356 _d7356 |
||